|
|
|
|
| LEADER |
02167nam a2200529 a 4500 |
| 001 |
000013079 |
| 003 |
CZ BrMZK |
| 005 |
20260303062900.0 |
| 007 |
ta |
| 008 |
010907s1994 xr e c 000 dcze d |
| 020 |
|
|
|c 70.00
|
| 040 |
|
|
|a BOA001
|b cze
|
| 041 |
1 |
|
|a cze
|a ger
|
| 043 |
|
|
|a e-xr---
|a e-sz---
|
| 045 |
|
|
|a x-x-
|
| 072 |
|
7 |
|a 72/76
|x Výtvarné umění
|2 Konspekt
|9 21
|
| 080 |
|
|
|a 72/76(437.3)
|2 MRF
|
| 080 |
|
|
|a 72/76(494)
|2 MRF
|
| 080 |
|
|
|a 7.036/.038
|2 MRF
|
| 080 |
|
|
|a (437.3)
|2 MRF
|
| 080 |
|
|
|a (494)
|2 MRF
|
| 080 |
|
|
|a (083.824)
|2 MRF
|
| 100 |
1 |
|
|a Zemina, Jaromír,
|d 1930-
|7 jk01152531
|
| 245 |
1 |
0 |
|a Václav Cigler, Silvia Billeter, Eva Brodská :
|b Krajina - světlo - prostor : [Kat. výstavy] : Käfigturm Bern,, leden - březen 1994, Galerie výtv. umění Litoměřice, květen - červen 1994, Galerie výtv. umění Havlíčkův Brod, červenec- srpen 1994 /
|c Text ...
|
| 260 |
|
|
|a Litoměřice :
|b Galerie výtvarného umění,
|c 1994
|
| 300 |
|
|
|a Nestr. :
|b barev. obr.
|
| 500 |
|
|
|a Náz. a text též něm.
|
| 600 |
1 |
7 |
|a Cigler, Václav,
|d 1929-2026
|7 jn20000400417
|2 czenas
|
| 600 |
1 |
7 |
|a Billeter, Silvia,
|d 1946-
|7 jn20000700175
|2 czenas
|
| 600 |
1 |
7 |
|a Brodská, Eva,
|d 1937-
|7 jn19990209083
|2 czenas
|
| 648 |
|
7 |
|a 20. století
|7 ch460558
|2 czenas
|
| 650 |
0 |
7 |
|a české výtvarné umění
|7 ph116865
|y 20. století
|2 czenas
|
| 650 |
0 |
7 |
|a švýcarské výtvarné umění
|7 ph127904
|y 20. století
|2 czenas
|
| 650 |
0 |
7 |
|a moderní umění
|7 ph115340
|z Česko
|2 czenas
|
| 650 |
0 |
7 |
|a moderní umění
|7 ph115340
|z Švýcarsko
|2 czenas
|
| 650 |
0 |
9 |
|a Czech art
|y 20th century
|2 eczenas
|
| 650 |
0 |
9 |
|a Swiss art
|y 20th century
|2 eczenas
|
| 650 |
0 |
9 |
|a modern art
|z Czechia
|2 eczenas
|
| 650 |
0 |
9 |
|a modern art
|z Switzerland
|2 eczenas
|
| 655 |
|
7 |
|a katalogy výstav
|7 fd132536
|2 czenas
|
| 655 |
|
9 |
|a exhibition catalogs
|2 eczenas
|
| 700 |
1 |
|
|a Billeter, Silvia,
|d 1946-
|7 jn20000700175
|
| 700 |
1 |
|
|a Brodská, Eva,
|d 1937-
|7 jn19990209083
|
| 700 |
1 |
|
|a Cigler, Václav,
|d 1929-2026
|7 jn20000400417
|
| 910 |
|
|
|a BOA001
|b 2-0997.818
|
| 990 |
|
|
|a BK
|
| 996 |
6 |
|
|b 2610007488
|c 2-0997.818
|l MZK
|r Sklad / do 1 hodiny
|n 5
|p p.v.
|w 000013079
|u 000010
|a 1
|e BOA001
|j MZK50
|s P
|